<?xml version="1.0" encoding="UTF-8"?>
<collection xmlns="http://www.loc.gov/MARC21/slim">
<record>
  <controlfield tag="001">50359</controlfield>
  <controlfield tag="005">20230317221024.0</controlfield>
  <datafield tag="024" ind1="7" ind2=" ">
    <subfield code="a">10.1016/0022-5088(86)90437-6</subfield>
    <subfield code="2">doi</subfield>
  </datafield>
  <datafield tag="024" ind1="7" ind2=" ">
    <subfield code="a">1878-2728</subfield>
    <subfield code="2">ISSN</subfield>
  </datafield>
  <datafield tag="024" ind1="7" ind2=" ">
    <subfield code="a">0022-5088</subfield>
    <subfield code="2">ISSN</subfield>
  </datafield>
  <datafield tag="024" ind1="7" ind2=" ">
    <subfield code="a">WOS:A1986E545800052</subfield>
    <subfield code="2">WOS</subfield>
  </datafield>
  <datafield tag="037" ind1=" " ind2=" ">
    <subfield code="a">GSI-2013-01984</subfield>
  </datafield>
  <datafield tag="041" ind1=" " ind2=" ">
    <subfield code="a">English</subfield>
  </datafield>
  <datafield tag="082" ind1=" " ind2=" ">
    <subfield code="a">670</subfield>
  </datafield>
  <datafield tag="100" ind1="1" ind2=" ">
    <subfield code="a">Brüchle, W</subfield>
    <subfield code="0">P:(DE-Ds200)BUDP1-0039</subfield>
    <subfield code="b">0</subfield>
    <subfield code="u">gsi</subfield>
    <subfield code="e">Corresponding author</subfield>
  </datafield>
  <datafield tag="245" ind1=" " ind2=" ">
    <subfield code="a">Attempts to produce superheavy elements by fusion of $^{48}Ca$ with $^{248}Cm$ in the bombarding energy range of 4.5–5.2 MeV/u</subfield>
  </datafield>
  <datafield tag="260" ind1=" " ind2=" ">
    <subfield code="a">Amsterdam [u.a.]</subfield>
    <subfield code="c">1986</subfield>
    <subfield code="b">Elsevier</subfield>
  </datafield>
  <datafield tag="336" ind1="7" ind2=" ">
    <subfield code="a">Journal Article</subfield>
    <subfield code="b">journal</subfield>
    <subfield code="m">journal</subfield>
    <subfield code="0">PUB:(DE-HGF)16</subfield>
    <subfield code="s">1365678364_28943</subfield>
    <subfield code="2">PUB:(DE-HGF)</subfield>
  </datafield>
  <datafield tag="336" ind1="7" ind2=" ">
    <subfield code="a">article</subfield>
    <subfield code="2">DRIVER</subfield>
  </datafield>
  <datafield tag="336" ind1="7" ind2=" ">
    <subfield code="a">ARTICLE</subfield>
    <subfield code="2">BibTeX</subfield>
  </datafield>
  <datafield tag="336" ind1="7" ind2=" ">
    <subfield code="a">Journal Article</subfield>
    <subfield code="0">0</subfield>
    <subfield code="2">EndNote</subfield>
  </datafield>
  <datafield tag="536" ind1=" " ind2=" ">
    <subfield code="a">899 - ohne Topic (POF2-899)</subfield>
    <subfield code="0">G:(DE-HGF)POF2-899</subfield>
    <subfield code="c">POF2-899</subfield>
    <subfield code="x">0</subfield>
    <subfield code="f">POF I</subfield>
  </datafield>
  <datafield tag="588" ind1=" " ind2=" ">
    <subfield code="a">Dataset connected to CrossRef, repository.gsi.de</subfield>
  </datafield>
  <datafield tag="700" ind1="1" ind2=" ">
    <subfield code="a">Agarwal, Y.K</subfield>
    <subfield code="0">P:(DE-HGF)0</subfield>
    <subfield code="b">1</subfield>
  </datafield>
  <datafield tag="700" ind1="1" ind2=" ">
    <subfield code="a">Armbruster, P</subfield>
    <subfield code="0">P:(DE-Ds200)OR0036</subfield>
    <subfield code="b">2</subfield>
    <subfield code="u">gsi</subfield>
  </datafield>
  <datafield tag="700" ind1="1" ind2=" ">
    <subfield code="a">Brügger, M</subfield>
    <subfield code="0">P:(DE-HGF)0</subfield>
    <subfield code="b">3</subfield>
  </datafield>
  <datafield tag="700" ind1="1" ind2=" ">
    <subfield code="a">Dufour, J.P</subfield>
    <subfield code="0">P:(DE-HGF)0</subfield>
    <subfield code="b">4</subfield>
  </datafield>
  <datafield tag="700" ind1="1" ind2=" ">
    <subfield code="a">Gäggeler, H</subfield>
    <subfield code="0">P:(DE-HGF)0</subfield>
    <subfield code="b">5</subfield>
  </datafield>
  <datafield tag="700" ind1="1" ind2=" ">
    <subfield code="a">Hessberger, F.P</subfield>
    <subfield code="0">P:(DE-Ds200)OR0469</subfield>
    <subfield code="b">6</subfield>
    <subfield code="u">gsi</subfield>
  </datafield>
  <datafield tag="700" ind1="1" ind2=" ">
    <subfield code="a">Hofmann, S</subfield>
    <subfield code="0">P:(DE-Ds200)OR0487</subfield>
    <subfield code="b">7</subfield>
    <subfield code="u">gsi</subfield>
  </datafield>
  <datafield tag="700" ind1="1" ind2=" ">
    <subfield code="a">Lemmertz, P</subfield>
    <subfield code="0">P:(DE-HGF)0</subfield>
    <subfield code="b">8</subfield>
  </datafield>
  <datafield tag="700" ind1="1" ind2=" ">
    <subfield code="a">Münzenberg, G</subfield>
    <subfield code="0">P:(DE-Ds200)BUDP1-0212</subfield>
    <subfield code="b">9</subfield>
    <subfield code="u">gsi</subfield>
  </datafield>
  <datafield tag="700" ind1="1" ind2=" ">
    <subfield code="a">Poppensieker, K</subfield>
    <subfield code="0">P:(DE-Ds200)BUDP1-0249</subfield>
    <subfield code="b">10</subfield>
    <subfield code="u">gsi</subfield>
  </datafield>
  <datafield tag="700" ind1="1" ind2=" ">
    <subfield code="a">Reisdorf, W</subfield>
    <subfield code="0">P:(DE-Ds200)OR1014</subfield>
    <subfield code="b">11</subfield>
    <subfield code="u">gsi</subfield>
  </datafield>
  <datafield tag="700" ind1="1" ind2=" ">
    <subfield code="a">Schädel, M</subfield>
    <subfield code="0">P:(DE-Ds200)OR1170</subfield>
    <subfield code="b">12</subfield>
    <subfield code="u">gsi</subfield>
  </datafield>
  <datafield tag="700" ind1="1" ind2=" ">
    <subfield code="a">Schmidt, K.H</subfield>
    <subfield code="0">P:(DE-Ds200)OR1125</subfield>
    <subfield code="b">13</subfield>
    <subfield code="u">gsi</subfield>
  </datafield>
  <datafield tag="700" ind1="1" ind2=" ">
    <subfield code="a">Schneider, J.H.R</subfield>
    <subfield code="0">P:(DE-HGF)0</subfield>
    <subfield code="b">14</subfield>
  </datafield>
  <datafield tag="700" ind1="1" ind2=" ">
    <subfield code="a">Schneider, W.F.W</subfield>
    <subfield code="0">P:(DE-HGF)0</subfield>
    <subfield code="b">15</subfield>
  </datafield>
  <datafield tag="700" ind1="1" ind2=" ">
    <subfield code="a">Sümmerer, K</subfield>
    <subfield code="0">P:(DE-Ds200)BUDP1-0313</subfield>
    <subfield code="b">16</subfield>
    <subfield code="u">gsi</subfield>
  </datafield>
  <datafield tag="700" ind1="1" ind2=" ">
    <subfield code="a">Vermeulen, D</subfield>
    <subfield code="0">P:(DE-HGF)0</subfield>
    <subfield code="b">17</subfield>
  </datafield>
  <datafield tag="700" ind1="1" ind2=" ">
    <subfield code="a">Wirth, G</subfield>
    <subfield code="0">P:(DE-HGF)0</subfield>
    <subfield code="b">18</subfield>
  </datafield>
  <datafield tag="700" ind1="1" ind2=" ">
    <subfield code="a">Ghiorso, A</subfield>
    <subfield code="0">P:(DE-HGF)0</subfield>
    <subfield code="b">19</subfield>
  </datafield>
  <datafield tag="700" ind1="1" ind2=" ">
    <subfield code="a">Gregorich, K.E</subfield>
    <subfield code="0">P:(DE-HGF)0</subfield>
    <subfield code="b">20</subfield>
  </datafield>
  <datafield tag="700" ind1="1" ind2=" ">
    <subfield code="a">Lee, D</subfield>
    <subfield code="0">P:(DE-HGF)0</subfield>
    <subfield code="b">21</subfield>
  </datafield>
  <datafield tag="700" ind1="1" ind2=" ">
    <subfield code="a">Leino, M</subfield>
    <subfield code="0">P:(DE-HGF)0</subfield>
    <subfield code="b">22</subfield>
  </datafield>
  <datafield tag="700" ind1="1" ind2=" ">
    <subfield code="a">Moody, K.J</subfield>
    <subfield code="0">P:(DE-HGF)0</subfield>
    <subfield code="b">23</subfield>
  </datafield>
  <datafield tag="700" ind1="1" ind2=" ">
    <subfield code="a">Seaborg, G.T</subfield>
    <subfield code="0">P:(DE-HGF)0</subfield>
    <subfield code="b">24</subfield>
  </datafield>
  <datafield tag="700" ind1="1" ind2=" ">
    <subfield code="a">Welch, R.B</subfield>
    <subfield code="0">P:(DE-HGF)0</subfield>
    <subfield code="b">25</subfield>
  </datafield>
  <datafield tag="700" ind1="1" ind2=" ">
    <subfield code="a">Wilmarth, P</subfield>
    <subfield code="0">P:(DE-HGF)0</subfield>
    <subfield code="b">26</subfield>
  </datafield>
  <datafield tag="700" ind1="1" ind2=" ">
    <subfield code="a">Yashita, S</subfield>
    <subfield code="0">P:(DE-HGF)0</subfield>
    <subfield code="b">27</subfield>
  </datafield>
  <datafield tag="700" ind1="1" ind2=" ">
    <subfield code="a">Frink, C</subfield>
    <subfield code="0">P:(DE-HGF)0</subfield>
    <subfield code="b">28</subfield>
  </datafield>
  <datafield tag="700" ind1="1" ind2=" ">
    <subfield code="a">Greulich, N</subfield>
    <subfield code="0">P:(DE-HGF)0</subfield>
    <subfield code="b">29</subfield>
  </datafield>
  <datafield tag="700" ind1="1" ind2=" ">
    <subfield code="a">Herrmann, G</subfield>
    <subfield code="0">P:(DE-HGF)0</subfield>
    <subfield code="b">30</subfield>
  </datafield>
  <datafield tag="700" ind1="1" ind2=" ">
    <subfield code="a">Hickmann, U</subfield>
    <subfield code="0">P:(DE-HGF)0</subfield>
    <subfield code="b">31</subfield>
  </datafield>
  <datafield tag="700" ind1="1" ind2=" ">
    <subfield code="a">Hildebrand, N</subfield>
    <subfield code="0">P:(DE-HGF)0</subfield>
    <subfield code="b">32</subfield>
  </datafield>
  <datafield tag="700" ind1="1" ind2=" ">
    <subfield code="a">Kratz, J.V</subfield>
    <subfield code="0">P:(DE-HGF)0</subfield>
    <subfield code="b">33</subfield>
  </datafield>
  <datafield tag="700" ind1="1" ind2=" ">
    <subfield code="a">Trautmann, N</subfield>
    <subfield code="0">P:(DE-HGF)0</subfield>
    <subfield code="b">34</subfield>
  </datafield>
  <datafield tag="700" ind1="1" ind2=" ">
    <subfield code="a">Daniels, W.R</subfield>
    <subfield code="0">P:(DE-HGF)0</subfield>
    <subfield code="b">35</subfield>
  </datafield>
  <datafield tag="700" ind1="1" ind2=" ">
    <subfield code="a">Fowler, M.M</subfield>
    <subfield code="0">P:(DE-HGF)0</subfield>
    <subfield code="b">36</subfield>
  </datafield>
  <datafield tag="700" ind1="1" ind2=" ">
    <subfield code="a">Hoffman, D.C</subfield>
    <subfield code="0">P:(DE-HGF)0</subfield>
    <subfield code="b">37</subfield>
  </datafield>
  <datafield tag="700" ind1="1" ind2=" ">
    <subfield code="a">Von Gunten, H.R</subfield>
    <subfield code="0">P:(DE-HGF)0</subfield>
    <subfield code="b">38</subfield>
  </datafield>
  <datafield tag="700" ind1="1" ind2=" ">
    <subfield code="a">Dornhöfer, H</subfield>
    <subfield code="0">P:(DE-HGF)0</subfield>
    <subfield code="b">39</subfield>
  </datafield>
  <datafield tag="773" ind1=" " ind2=" ">
    <subfield code="a">10.1016/0022-5088(86)90437-6</subfield>
    <subfield code="g">Vol. 122, p. 425 - 432</subfield>
    <subfield code="p">425 - 432</subfield>
    <subfield code="0">PERI:(DE-600)2198580-7</subfield>
    <subfield code="t">Journal of the less common metals</subfield>
    <subfield code="v">122</subfield>
    <subfield code="y">1986</subfield>
    <subfield code="x">0022-5088</subfield>
  </datafield>
  <datafield tag="909" ind1="C" ind2="O">
    <subfield code="o">oai:repository.gsi.de:50359</subfield>
    <subfield code="p">VDB</subfield>
  </datafield>
  <datafield tag="910" ind1="1" ind2=" ">
    <subfield code="a">GSI Helmholtzzentrum für Schwerionenforschung GmbH</subfield>
    <subfield code="0">I:(DE-Ds200)20121206GSI</subfield>
    <subfield code="k">GSI</subfield>
    <subfield code="b">0</subfield>
    <subfield code="6">P:(DE-Ds200)BUDP1-0039</subfield>
  </datafield>
  <datafield tag="910" ind1="1" ind2=" ">
    <subfield code="a">GSI Helmholtzzentrum für Schwerionenforschung GmbH</subfield>
    <subfield code="0">I:(DE-Ds200)20121206GSI</subfield>
    <subfield code="k">GSI</subfield>
    <subfield code="b">1</subfield>
    <subfield code="6">P:(DE-HGF)0</subfield>
  </datafield>
  <datafield tag="910" ind1="1" ind2=" ">
    <subfield code="a">GSI Helmholtzzentrum für Schwerionenforschung GmbH</subfield>
    <subfield code="0">I:(DE-Ds200)20121206GSI</subfield>
    <subfield code="k">GSI</subfield>
    <subfield code="b">2</subfield>
    <subfield code="6">P:(DE-Ds200)OR0036</subfield>
  </datafield>
  <datafield tag="910" ind1="1" ind2=" ">
    <subfield code="a">GSI Helmholtzzentrum für Schwerionenforschung GmbH</subfield>
    <subfield code="0">I:(DE-Ds200)20121206GSI</subfield>
    <subfield code="k">GSI</subfield>
    <subfield code="b">3</subfield>
    <subfield code="6">P:(DE-HGF)0</subfield>
  </datafield>
  <datafield tag="910" ind1="1" ind2=" ">
    <subfield code="a">GSI Helmholtzzentrum für Schwerionenforschung GmbH</subfield>
    <subfield code="0">I:(DE-Ds200)20121206GSI</subfield>
    <subfield code="k">GSI</subfield>
    <subfield code="b">4</subfield>
    <subfield code="6">P:(DE-HGF)0</subfield>
  </datafield>
  <datafield tag="910" ind1="1" ind2=" ">
    <subfield code="a">GSI Helmholtzzentrum für Schwerionenforschung GmbH</subfield>
    <subfield code="0">I:(DE-Ds200)20121206GSI</subfield>
    <subfield code="k">GSI</subfield>
    <subfield code="b">5</subfield>
    <subfield code="6">P:(DE-HGF)0</subfield>
  </datafield>
  <datafield tag="910" ind1="1" ind2=" ">
    <subfield code="a">GSI Helmholtzzentrum für Schwerionenforschung GmbH</subfield>
    <subfield code="0">I:(DE-Ds200)20121206GSI</subfield>
    <subfield code="k">GSI</subfield>
    <subfield code="b">6</subfield>
    <subfield code="6">P:(DE-Ds200)OR0469</subfield>
  </datafield>
  <datafield tag="910" ind1="1" ind2=" ">
    <subfield code="a">GSI Helmholtzzentrum für Schwerionenforschung GmbH</subfield>
    <subfield code="0">I:(DE-Ds200)20121206GSI</subfield>
    <subfield code="k">GSI</subfield>
    <subfield code="b">7</subfield>
    <subfield code="6">P:(DE-Ds200)OR0487</subfield>
  </datafield>
  <datafield tag="910" ind1="1" ind2=" ">
    <subfield code="a">GSI Helmholtzzentrum für Schwerionenforschung GmbH</subfield>
    <subfield code="0">I:(DE-Ds200)20121206GSI</subfield>
    <subfield code="k">GSI</subfield>
    <subfield code="b">8</subfield>
    <subfield code="6">P:(DE-HGF)0</subfield>
  </datafield>
  <datafield tag="910" ind1="1" ind2=" ">
    <subfield code="a">GSI Helmholtzzentrum für Schwerionenforschung GmbH</subfield>
    <subfield code="0">I:(DE-Ds200)20121206GSI</subfield>
    <subfield code="k">GSI</subfield>
    <subfield code="b">9</subfield>
    <subfield code="6">P:(DE-Ds200)BUDP1-0212</subfield>
  </datafield>
  <datafield tag="910" ind1="1" ind2=" ">
    <subfield code="a">GSI Helmholtzzentrum für Schwerionenforschung GmbH</subfield>
    <subfield code="0">I:(DE-Ds200)20121206GSI</subfield>
    <subfield code="k">GSI</subfield>
    <subfield code="b">10</subfield>
    <subfield code="6">P:(DE-Ds200)BUDP1-0249</subfield>
  </datafield>
  <datafield tag="910" ind1="1" ind2=" ">
    <subfield code="a">GSI Helmholtzzentrum für Schwerionenforschung GmbH</subfield>
    <subfield code="0">I:(DE-Ds200)20121206GSI</subfield>
    <subfield code="k">GSI</subfield>
    <subfield code="b">11</subfield>
    <subfield code="6">P:(DE-Ds200)OR1014</subfield>
  </datafield>
  <datafield tag="910" ind1="1" ind2=" ">
    <subfield code="a">GSI Helmholtzzentrum für Schwerionenforschung GmbH</subfield>
    <subfield code="0">I:(DE-Ds200)20121206GSI</subfield>
    <subfield code="k">GSI</subfield>
    <subfield code="b">12</subfield>
    <subfield code="6">P:(DE-Ds200)OR1170</subfield>
  </datafield>
  <datafield tag="910" ind1="1" ind2=" ">
    <subfield code="a">GSI Helmholtzzentrum für Schwerionenforschung GmbH</subfield>
    <subfield code="0">I:(DE-Ds200)20121206GSI</subfield>
    <subfield code="k">GSI</subfield>
    <subfield code="b">13</subfield>
    <subfield code="6">P:(DE-Ds200)OR1125</subfield>
  </datafield>
  <datafield tag="910" ind1="1" ind2=" ">
    <subfield code="a">GSI Helmholtzzentrum für Schwerionenforschung GmbH</subfield>
    <subfield code="0">I:(DE-Ds200)20121206GSI</subfield>
    <subfield code="k">GSI</subfield>
    <subfield code="b">14</subfield>
    <subfield code="6">P:(DE-HGF)0</subfield>
  </datafield>
  <datafield tag="910" ind1="1" ind2=" ">
    <subfield code="a">GSI Helmholtzzentrum für Schwerionenforschung GmbH</subfield>
    <subfield code="0">I:(DE-Ds200)20121206GSI</subfield>
    <subfield code="k">GSI</subfield>
    <subfield code="b">15</subfield>
    <subfield code="6">P:(DE-HGF)0</subfield>
  </datafield>
  <datafield tag="910" ind1="1" ind2=" ">
    <subfield code="a">GSI Helmholtzzentrum für Schwerionenforschung GmbH</subfield>
    <subfield code="0">I:(DE-Ds200)20121206GSI</subfield>
    <subfield code="k">GSI</subfield>
    <subfield code="b">16</subfield>
    <subfield code="6">P:(DE-Ds200)BUDP1-0313</subfield>
  </datafield>
  <datafield tag="910" ind1="1" ind2=" ">
    <subfield code="a">GSI Helmholtzzentrum für Schwerionenforschung GmbH</subfield>
    <subfield code="0">I:(DE-Ds200)20121206GSI</subfield>
    <subfield code="k">GSI</subfield>
    <subfield code="b">17</subfield>
    <subfield code="6">P:(DE-HGF)0</subfield>
  </datafield>
  <datafield tag="910" ind1="1" ind2=" ">
    <subfield code="a">GSI Helmholtzzentrum für Schwerionenforschung GmbH</subfield>
    <subfield code="0">I:(DE-Ds200)20121206GSI</subfield>
    <subfield code="k">GSI</subfield>
    <subfield code="b">18</subfield>
    <subfield code="6">P:(DE-HGF)0</subfield>
  </datafield>
  <datafield tag="913" ind1="1" ind2=" ">
    <subfield code="a">DE-HGF</subfield>
    <subfield code="b">Programmungebundene Forschung</subfield>
    <subfield code="l">ohne Programm</subfield>
    <subfield code="1">G:(DE-HGF)POF2-890</subfield>
    <subfield code="0">G:(DE-HGF)POF2-899</subfield>
    <subfield code="2">G:(DE-HGF)POF2-800</subfield>
    <subfield code="v">ohne Topic</subfield>
    <subfield code="x">0</subfield>
    <subfield code="4">G:(DE-HGF)POF</subfield>
    <subfield code="3">G:(DE-HGF)POF2</subfield>
  </datafield>
  <datafield tag="915" ind1=" " ind2=" ">
    <subfield code="a">Peer Review unknown</subfield>
    <subfield code="0">StatID:(DE-HGF)0040</subfield>
    <subfield code="2">StatID</subfield>
  </datafield>
  <datafield tag="915" ind1=" " ind2=" ">
    <subfield code="a">DBCoverage</subfield>
    <subfield code="0">StatID:(DE-HGF)0200</subfield>
    <subfield code="2">StatID</subfield>
    <subfield code="b">SCOPUS</subfield>
  </datafield>
  <datafield tag="920" ind1=" " ind2=" ">
    <subfield code="l">yes</subfield>
  </datafield>
  <datafield tag="920" ind1="1" ind2=" ">
    <subfield code="0">I:(DE-Ds200)SHP-20080822OR107</subfield>
    <subfield code="k">SHP</subfield>
    <subfield code="l">SHE Physik</subfield>
    <subfield code="x">0</subfield>
  </datafield>
  <datafield tag="980" ind1=" " ind2=" ">
    <subfield code="a">journal</subfield>
  </datafield>
  <datafield tag="980" ind1=" " ind2=" ">
    <subfield code="a">VDB</subfield>
  </datafield>
  <datafield tag="980" ind1=" " ind2=" ">
    <subfield code="a">I:(DE-Ds200)20110830OR107</subfield>
  </datafield>
  <datafield tag="980" ind1=" " ind2=" ">
    <subfield code="a">I:(DE-Ds200)SHP-20080822OR107</subfield>
  </datafield>
  <datafield tag="980" ind1=" " ind2=" ">
    <subfield code="a">UNRESTRICTED</subfield>
  </datafield>
</record>
</collection>